[Event "16. Sparkassen Open 2017 - Gruppe B"]
[Site "Forchheim"]
[Date "2017.09.29"]
[Round "1.28"]
[White "Grundhammer, Gerhard"]
[Black "Kolb, Tobias"]
[Result "0-1"]
[WhiteElo "1698"]
[BlackElo "1638"]
[PlyCount "81"]
[EventDate "2017.??.??"]
[WhiteTeam "SU Ebersberg-Grafing"]
[BlackTeam "SV Seubelsdorf"]

1. d4 d5 2. Bg5 Nf6 3. e3 Bf5 4. Bd3 Qd7 5. Nf3 Nc6 6. c3 h6 7. Bf4 g5 8. Bg3
Ne4 9. Ne5 Nxe5 10. Bxe5 f6 11. Qh5+ Kd8 12. Bxe4 dxe4 13. Bg3 Bg4 14. Qf7 Qb5
15. c4 Qxb2 16. Qd5+ Kc8 17. O-O Qxa1 18. Na3 Qxa2 19. Rb1 c6 20. Qa5 e5 21. c5
Bg7 22. Qb4 Rb8 23. Nc4 Be6 24. Nd6+ Kc7 25. dxe5 fxe5 26. Rb2 Qd5 27. Qa5+ Kd7
28. Rd2 Qb3 29. Nb5+ Bd5 30. Qc7+ Ke6 31. Qd6+ Kf5 32. Qd7+ Be6 33. Nd6+ Kg6
34. Qxg7+ Kxg7 35. Bxe5+ Kg6 36. f4 Qxe3+ 37. Rf2 Qc1+ 38. Rf1 Qxc5+ 39. Kh1
gxf4 40. Bxf4 Rhf8 41. Nxe4 0-1

[Event "16. Sparkassen Open 2017 - Gruppe B"]
[Site "Forchheim"]
[Date "2017.09.29"]
[Round "1.29"]
[White "Kohler, Alfred"]
[Black "Hohner, Karl-Heinz"]
[Result "0-1"]
[WhiteElo "1609"]
[BlackElo "1794"]
[PlyCount "40"]
[EventDate "2017.??.??"]
[WhiteTeam "Schachtreff Röttenbach"]
[BlackTeam "vereinslos"]

1. d4 d5 2. Nf3 Nf6 3. Bg5 c5 4. c3 Qb6 5. Qc2 Nc6 6. dxc5 Qxc5 7. e3 e5 8.
Nbd2 Be7 9. Qb3 O-O 10. Be2 Bg4 11. Qb5 Qd6 12. h3 Bd7 13. Qb3 Rfe8 14. O-O Be6
15. Qc2 Rac8 16. Bb5 a6 17. Bxc6 Rxc6 18. Nb3 Qc7 19. Rac1 b5 20. Qd2 Ne4 0-1

[Event "16. Sparkassen Open 2017 - Gruppe B"]
[Site "Forchheim"]
[Date "2017.09.29"]
[Round "1.30"]
[White "Babichev, Vyacheslav"]
[Black "Jacob, Karl-Heinz"]
[Result "1-0"]
[WhiteElo "1835"]
[BlackElo "1703"]
[PlyCount "72"]
[EventDate "2017.??.??"]
[WhiteTeam "SW Nürnberg Süd"]
[BlackTeam "SG Sonneberg"]

1. e4 d5 2. exd5 Qxd5 3. Nc3 Qd6 4. Nf3 Nf6 5. d3 Bg4 6. Be2 a6 7. O-O Nc6 8.
Bg5 h6 9. Bh4 O-O-O 10. h3 Bh5 11. Bg3 Qd7 12. Qd2 g5 13. Ne5 Nxe5 14. Bxe5
Bxe2 15. Qxe2 Rg8 16. Qe3 Kb8 17. f3 Nd5 18. Qf2 Bg7 19. Bxg7 Rxg7 20. Qd4 Nf6
21. Qxd7 Rxd7 22. Rae1 e6 23. a4 Rg6 24. Rf2 Nh5 25. Ne4 b6 26. Rd2 c5 27. b3
Kc7 28. a5 f5 29. axb6+ Kxb6 30. Nc3 Nf4 31. Na4+ Kb5 32. Re5 Rd5 33. Nc3+ Kc6
34. Nxd5 Nxd5 35. g3 Kd6 36. f4 g4 1-0

[Event "16. Sparkassen Open 2017 - Gruppe B"]
[Site "Forchheim"]
[Date "2017.09.29"]
[Round "1.31"]
[White "Weißmann, Peter"]
[Black "Hahn, Thomas"]
[Result "1-0"]
[WhiteElo "1747"]
[BlackElo "1695"]
[PlyCount "59"]
[EventDate "2017.??.??"]
[WhiteTeam "SK Zirndorf"]
[BlackTeam "Zabo-Eintracht Nürnberg"]

1. e4 c5 2. Nf3 d6 3. d4 cxd4 4. Nxd4 Nf6 5. Nc3 g6 6. f3 Bg7 7. Bc4 O-O 8. Be3
Nc6 9. Qd2 Bd7 10. O-O-O Rc8 11. Bb3 Na5 12. Kb1 Nc4 13. Bxc4 Rxc4 14. g4 Qa5
15. Nd5 Qd8 16. b3 Rc8 17. h4 e6 18. Nxf6+ Qxf6 19. h5 Rc7 20. f4 Rfc8 21. g5
Qe7 22. hxg6 fxg6 23. Rc1 e5 24. fxe5 Bxe5 25. Nf3 Bc3 26. Qd3 Bc6 27. Qc4+ Kf8
28. Qxc3 Bxe4 29. Qh8+ Kf7 30. Rxh7+ 1-0

[Event "16. Sparkassen Open 2017 - Gruppe B"]
[Site "Forchheim"]
[Date "2017.09.29"]
[Round "1.32"]
[White "Walter, Manfred"]
[Black "Zagrada, Halil"]
[Result "0-1"]
[WhiteElo "1809"]
[BlackElo "1597"]
[PlyCount "32"]
[EventDate "2017.??.??"]
[WhiteTeam "SV Lauf"]
[BlackTeam "BSG Wöhrlhaus"]

1. f4 Nf6 2. Nf3 d5 3. e3 c5 4. Be2 Nc6 5. O-O e6 6. d3 Bd6 7. c3 O-O 8. a4 Qc7
9. Na3 a6 10. Nc2 e5 11. fxe5 Nxe5 12. g3 Bh3 13. Re1 Nxf3+ 14. Bxf3 Bxg3 15.
hxg3 Qxg3+ 16. Kh1 Ng4 0-1

[Event "16. Sparkassen Open 2017 - Gruppe B"]
[Site "Forchheim"]
[Date "2017.09.29"]
[Round "1.33"]
[White "Kuhlemann, Claus"]
[Black "Zirlik, Rudi"]
[Result "1-0"]
[WhiteElo "1786"]
[BlackElo "1844"]
[PlyCount "103"]
[EventDate "2017.??.??"]
[WhiteTeam "SV Memmelsdorf"]
[BlackTeam "SV Unterkochen"]

1. f4 e5 2. fxe5 d6 3. exd6 Bxd6 4. Nf3 Bg4 5. g3 h5 6. d4 h4 7. Bg2 hxg3 8. h3
Bxf3 9. Bxf3 g2 10. Bxg2 Bg3+ 11. Kf1 Qf6+ 12. Bf3 g5 13. Kg2 Bh4 14. Qd3 Nc6
15. Bxc6+ Qxc6+ 16. e4 f5 17. d5 Qd6 18. exf5 O-O-O 19. c4 Nh6 20. Nc3 Rde8 21.
Bd2 Kb8 22. Be1 Nxf5 23. Qxf5 Rhf8 24. Qd3 Rxe1 25. Raxe1 Qb6 26. Ne4 Rf2+ 27.
Kg1 Re2+ 28. c5 Rxe1+ 29. Kg2 Qxb2+ 30. Nd2 Rxh1 31. Kxh1 Qc1+ 32. Kg2 Qxc5 33.
Qf5 a6 34. Ne4 Qc2+ 35. Kf3 Qd1+ 36. Ke3 Qc1+ 37. Kf3 Ka7 38. Kg4 Qd1+ 39. Qf3
Qxd5 40. Qe3+ b6 41. a3 c5 42. Nxg5 Qxg5+ 43. Qxg5 Bxg5 44. Kxg5 c4 45. Kf4 Kb7
46. h4 Kc6 47. h5 Kd5 48. h6 c3 49. Ke3 Kc4 50. h7 Kb3 51. h8=Q a5 52. Kd3 1-0

[Event "16. Sparkassen Open 2017 - Gruppe B"]
[Site "Forchheim"]
[Date "2017.09.29"]
[Round "1.34"]
[White "Kolb, Verena"]
[Black "Kaltschmidt, Andreas"]
[Result "0-1"]
[WhiteElo "1675"]
[BlackElo "1612"]
[PlyCount "72"]
[EventDate "2017.??.??"]
[WhiteTeam "SV Seubelsdorf"]
[BlackTeam "SK Weiden"]

1. e4 e5 2. Nf3 Nf6 3. Bc4 Nc6 4. d3 Be7 5. O-O O-O 6. Re1 d6 7. h3 Bd7 8. c3
Na5 9. Bb3 Nxb3 10. axb3 Re8 11. Be3 a6 12. Nbd2 Qc8 13. Rf1 Bc6 14. Nh2 d5 15.
Qc2 dxe4 16. dxe4 Qe6 17. f4 exf4 18. Bxf4 Bd6 19. Bxd6 Qxd6 20. Rac1 Rad8 21.
Nhf3 Qc5+ 22. Nd4 Rxd4 23. Kh1 Nxe4 24. b4 Rxd2 25. Qxe4 Bxe4 26. bxc5 Bxg2+
27. Kg1 Re1 28. Rfxe1 Bc6 29. Re7 Kf8 30. Rxc7 Rxb2 31. Rc8+ Ke7 32. Rh8 h6 33.
Rg8 Kf6 34. Rd8 Rb5 35. Rd6+ Ke5 36. Kf2 Rxc5 0-1

[Event "16. Sparkassen Open 2017 - Gruppe B"]
[Site "Forchheim"]
[Date "2017.09.29"]
[Round "1.35"]
[White "Lehmann, Tornalf"]
[Black "Nahlik, Bernhard"]
[Result "1/2-1/2"]
[WhiteElo "1630"]
[BlackElo "1618"]
[PlyCount "64"]
[EventDate "2017.??.??"]
[WhiteTeam "SC Heilsbronn"]
[BlackTeam "SC Ansbach"]

1. d4 d5 2. c4 e6 3. Nc3 Nf6 4. e3 Bb4 5. Nf3 O-O 6. Bd3 Nc6 7. O-O b6 8. a3
Be7 9. Qc2 Bb7 10. Ng5 h6 11. cxd5 exd5 12. Nf3 a6 13. h3 Bd6 14. g4 Qd7 15.
Bf5 Qe7 16. g5 hxg5 17. Nxg5 g6 18. Bxg6 fxg6 19. Qxg6+ Qg7 20. Qxg7+ Kxg7 21.
Ne6+ Kf7 22. Nxf8 Rxf8 23. f4 Rg8+ 24. Kh2 Ne7 25. Bd2 Nf5 26. Rg1 Rh8 27. Raf1
Ne4 28. Nxe4 dxe4 29. Bc1 Nh4 30. Rf3 Bd5 31. Rf2 Be6 32. b4 Nf5 1/2-1/2

[Event "16. Sparkassen Open 2017 - Gruppe B"]
[Site "Forchheim"]
[Date "2017.09.29"]
[Round "1.36"]
[White "Askri, Samir"]
[Black "Kiesendahl, Roland"]
[Result "1-0"]
[WhiteElo "1758"]
[BlackElo "1540"]
[PlyCount "51"]
[EventDate "2017.??.??"]
[WhiteTeam "DJK Amberg"]
[BlackTeam "SC Erlangen"]

1. d4 Nf6 2. c4 e6 3. Nf3 b6 4. g3 Bb7 5. Bg2 Be7 6. O-O O-O 7. Nc3 c5 8. d5 d6
9. e4 e5 10. Nh4 Nbd7 11. Nf5 a6 12. f4 Re8 13. g4 h6 14. g5 hxg5 15. fxg5 Nh7
16. Qg4 Rf8 17. g6 fxg6 18. Qxg6 Bf6 19. Nh6+ Kh8 20. Nf7+ Rxf7 21. Qxf7 Ng5
22. Qh5+ Kg8 23. Bxg5 Bxg5 24. Bh3 Bh6 25. Qf7+ Kh8 26. Qxd7 1-0

[Event "16. Sparkassen Open 2017 - Gruppe B"]
[Site "Forchheim"]
[Date "2017.09.29"]
[Round "1.37"]
[White "Bauschke, Norman"]
[Black "Bardorz, Christoph"]
[Result "1-0"]
[WhiteElo "1632"]
[BlackElo "1841"]
[PlyCount "94"]
[EventDate "2017.??.??"]
[WhiteTeam "SC Höchstadt/Aisch"]
[BlackTeam "TSV Rottendorf"]

1. d4 Nf6 2. c4 g6 3. Nc3 d5 4. e3 Bg7 5. Nf3 O-O 6. Be2 c5 7. cxd5 Nxd5 8. Qb3
Nxc3 9. bxc3 Qc7 10. O-O b6 11. Rd1 Rd8 12. Bb2 Nd7 13. Ng5 e6 14. d5 Nf8 15.
Bf3 Rb8 16. dxe6 Rxd1+ 17. Rxd1 Nxe6 18. Nxe6 Bxe6 19. Bd5 c4 20. Qc2 Bxd5 21.
Rxd5 Rd8 22. Rxd8+ Qxd8 23. g3 b5 24. a4 Qa5 25. axb5 Qxb5 26. Qd2 Bf8 27. Kf1
a5 28. Qc1 Qb3 29. Ke1 a4 30. Kd2 a3 31. Ba1 Qa2+ 32. Ke1 Kg7 33. h4 h5 34. Qd1
Be7 35. Kf1 Bf6 36. Ke1 Qb3 37. Qc1 Be7 38. Kd2 f5 39. Ke1 Bf6 40. Kd2 Kf7 41.
Ke1 Be5 42. Kd2 Ke6 43. Ke1 Bf6 44. Kd2 Ke5 45. f3 g5 46. f4+ gxf4 47. exf4+
Ke4 1-0

[Event "16. Sparkassen Open 2017 - Gruppe B"]
[Site "Forchheim"]
[Date "2017.09.29"]
[Round "1.38"]
[White "Schulz, Horst"]
[Black "Dreiseitel, Werner"]
[Result "1-0"]
[WhiteElo "1761"]
[BlackElo "1595"]
[PlyCount "67"]
[EventDate "2017.??.??"]
[WhiteTeam "SC Höchstadt/Aisch"]
[BlackTeam "SGem Fürth"]

1. d4 d5 2. e3 Nf6 3. Bd3 Bg4 4. f3 Bh5 5. Ne2 e6 6. O-O c5 7. c3 Bg6 8. Bb5+
Nbd7 9. Ng3 a6 10. Be2 Be7 11. Nd2 h6 12. f4 b5 13. Nf3 O-O 14. Bd2 Ne4 15. Be1
Qb6 16. Nxe4 Bxe4 17. Bf2 Rfb8 18. Ne5 Nxe5 19. fxe5 Bg6 20. Bh5 Bxh5 21. Qxh5
Rb7 22. Bg3 Bf8 23. Rf3 g6 24. Qh3 b4 25. Be1 a5 26. Bd2 Qb5 27. Raf1 Raa7 28.
Qh4 Qe8 29. e4 cxd4 30. cxd4 dxe4 31. Qxe4 Rc7 32. Rh3 Kh7 33. Qh4 Rc2 34. Bxh6
1-0

[Event "16. Sparkassen Open 2017 - Gruppe B"]
[Site "Forchheim"]
[Date "2017.09.29"]
[Round "1.39"]
[White "Breu, Alfons"]
[Black "Grasser, Stefan"]
[Result "0-1"]
[WhiteElo "1634"]
[BlackElo "1738"]
[PlyCount "106"]
[EventDate "2017.??.??"]
[WhiteTeam "TSV Trostberg"]
[BlackTeam "SV Hellern"]

1. Nf3 b6 2. g3 Bb7 3. Bg2 Nf6 4. O-O d6 5. d3 Nbd7 6. e4 g6 7. Re1 Bg7 8. Nbd2
O-O 9. Nf1 Rc8 10. c3 c5 11. Nh4 e5 12. Qa4 a6 13. Qd1 Ne8 14. Ne3 b5 15. Nf3
f5 16. Qb3+ Kh8 17. exf5 Bxf3 18. Bxf3 gxf5 19. Bb7 Rb8 20. Bg2 Nb6 21. Qd1 Bh6
22. Qh5 Bg5 23. h4 Bxe3 24. Bxe3 Ng7 25. Qd1 f4 26. Bd2 Qf6 27. g4 Qxh4 28. Qf3
Ne6 29. Qh3 Qf6 30. f3 Ng5 31. Qh2 Nd5 32. Kf2 Qg6 33. Qh5 Qxd3 34. Qxg5 Qxd2+
35. Re2 Qd3 36. Rh1 Ne3 37. Ree1 Rb7 38. Qh6 Rbf7 39. g5 Rg8 40. Rhg1 Qg6 41.
Qxg6 Rxg6 42. Bh3 Rfg7 43. Bc8 a5 44. Ke2 Rxg5 45. Rxg5 Rxg5 46. Kd3 Kg7 47.
Ba6 b4 48. cxb4 axb4 49. a4 bxa3 50. bxa3 Rg6 51. a4 d5 52. Bb5 c4+ 53. Kc3 d4+
0-1

[Event "16. Sparkassen Open 2017 - Gruppe C"]
[Site "Forchheim"]
[Date "2017.09.29"]
[Round "1.1"]
[White "Walter, Gabriele"]
[Black "Floegel, Marco"]
[Result "0-1"]
[WhiteElo "1590"]
[BlackElo "1598"]
[PlyCount "114"]
[EventDate "2017.??.??"]
[WhiteTeam "SV Lauf"]
[BlackTeam "SK Herzogenaurach"]

1. c4 e5 2. g3 Bc5 3. Bg2 Nf6 4. Nc3 O-O 5. e3 Nc6 6. Nge2 Re8 7. O-O a6 8. d4
exd4 9. exd4 Ba7 10. a3 d6 11. b4 Bg4 12. Qd3 Qd7 13. Bb2 Re7 14. Ne4 Nxe4 15.
Bxe4 h6 16. Rfe1 Rae8 17. Nf4 f5 18. Bd5+ Kh7 19. Rxe7 Rxe7 20. h3 g5 21. hxg4
gxf4 22. Qxf5+ Qxf5 23. gxf5 Re2 24. Rb1 fxg3 25. fxg3 Rxb2 26. Rf1 Nxd4 27.
Kh1 Ne2 28. Kg2 Nf4+ 29. Kf3 Nxd5 30. cxd5 Rb3+ 31. Kg4 Rxa3 32. f6 Kg8 33. Kh5
Rxg3 34. Kxh6 Kf7 35. Kh5 Rg6 36. Rc1 Bb6 37. Re1 Rxf6 38. Kg5 c6 39. dxc6 bxc6
40. Ra1 Be3+ 41. Kg4 Rf4+ 42. Kg3 Rxb4 43. Rxa6 Bf4+ 44. Kf3 c5 45. Ra7+ Ke6
46. Rh7 Be5 47. Ke3 c4 48. Rh4 d5 49. Kd2 c3+ 50. Kc2 Rxh4 51. Kc1 Rh2 52. Kd1
c2+ 53. Kc1 Bf4+ 54. Kb2 c1=Q+ 55. Kb3 Qc4+ 56. Ka3 Rh3+ 57. Kb2 Qe2+ 0-1

[Event "16. Sparkassen Open 2017 - Gruppe C"]
[Site "Forchheim"]
[Date "2017.09.29"]
[Round "1.3"]
[White "Aigner, Patrick"]
[Black "Albayrak, Berrak"]
[Result "0-1"]
[WhiteElo "1371"]
[BlackElo "1562"]
[PlyCount "70"]
[EventDate "2017.??.??"]
[WhiteTeam "Coburger SV"]
[BlackTeam "Zabo-Eintracht Nürnberg"]

1. d4 d5 2. Bf4 Nf6 3. e3 Bf5 4. c4 c6 5. Qb3 Qb6 6. c5 Qxb3 7. axb3 Nbd7 8.
Nd2 g6 9. Ngf3 Bg7 10. h3 b6 11. b4 O-O 12. Be2 a5 13. Nb3 axb4 14. O-O Bc2 15.
Nbd2 bxc5 16. Ne5 Nxe5 17. dxe5 Nd7 18. Nf3 Be4 19. Rac1 Ra2 20. Bg5 Re8 21.
Ra1 Rxb2 22. Ba6 c4 23. Bb7 Nxe5 24. Nxe5 Bxe5 25. Bxc6 Rc8 26. Bh6 Re2 27. Bb7
Bxa1 28. Bxc8 Ra2 29. Rd1 e6 30. f3 Bd3 31. e4 b3 32. exd5 exd5 33. Re1 Bd4+
34. Kh2 Re2 35. Ra1 Bxa1 0-1

[Event "16. Sparkassen Open 2017 - Gruppe C"]
[Site "Forchheim"]
[Date "2017.09.29"]
[Round "1.4"]
[White "Gajewski, Richard"]
[Black "Schad, Gerhard"]
[Result "1-0"]
[WhiteElo "1707"]
[BlackElo "1683"]
[PlyCount "77"]
[EventDate "2017.??.??"]
[WhiteTeam "Wolframs-Eschenbach"]
[BlackTeam "SV Neustadt/Aisch"]

1. e4 c6 2. d4 d5 3. e5 Bf5 4. h4 h6 5. Nh3 e6 6. Nf4 Bh7 7. c3 Ne7 8. g4 Ng6
9. Ng2 Nd7 10. f4 c5 11. Bd3 cxd4 12. h5 Ne7 13. Bxh7 Rxh7 14. Qxd4 Nc6 15. Qd3
Rh8 16. Be3 Bc5 17. b4 Bxe3 18. Nxe3 Rc8 19. Na3 a6 20. Rd1 Nb6 21. Rf1 Na4 22.
Nb1 Qb6 23. Qe2 Na7 24. Rd3 Qc6 25. Rg1 Qb6 26. Rg3 a5 27. a3 Nb5 28. Nd1 Rc4
29. Qc2 Naxc3 30. Nbxc3 d4 31. Qa4 dxc3 32. Nxc3 Rxc3 33. Rxc3 Ke7 34. Rc5 Nd4
35. Qxa5 Qd8 36. Qxd8+ Rxd8 37. Rc7+ Rd7 38. Rxd7+ Kxd7 39. Rd3 1-0

[Event "16. Sparkassen Open 2017 - Gruppe C"]
[Site "Forchheim"]
[Date "2017.09.29"]
[Round "1.5"]
[White "Albayrak, Nese Pinar"]
[Black "Knoll, Ernst"]
[Result "0-1"]
[WhiteElo "1351"]
[BlackElo "1497"]
[PlyCount "46"]
[EventDate "2017.??.??"]
[WhiteTeam "Zabo-Eintracht Nürnberg"]
[BlackTeam "Schachtreff Röttenbach"]

1. e4 e6 2. d4 d5 3. e5 c5 4. c3 Qb6 5. Nf3 Nc6 6. b3 Bd7 7. Be3 Rc8 8. a4 cxd4
9. a5 Qc7 10. Bxd4 Nxd4 11. Qxd4 Nh6 12. b4 Nf5 13. Qxa7 Bxb4 14. Qb6 Bxc3+ 15.
Kd1 Bxa1 16. Qxc7 Rxc7 17. Bd3 Nd4 18. Nfd2 Ba4+ 19. Nb3 Nxb3 20. Ke2 Rc1 21.
Re1 Rxe1+ 22. Kxe1 Bxe5 23. h3 Nxa5 0-1

[Event "16. Sparkassen Open 2017 - Gruppe C"]
[Site "Forchheim"]
[Date "2017.09.29"]
[Round "1.6"]
[White "Bardorz, Stefan"]
[Black "Dresel, Martin"]
[Result "1-0"]
[WhiteElo "1531"]
[BlackElo "1640"]
[PlyCount "109"]
[EventDate "2017.??.??"]
[WhiteTeam "TSV Rottendorf"]
[BlackTeam "SC Erlangen"]

1. c4 c5 2. g3 g6 3. Bg2 Bg7 4. Nc3 Nf6 5. Nf3 Nc6 6. O-O O-O 7. d3 d5 8. Na4
dxc4 9. dxc4 Na5 10. Nxc5 Nxc4 11. Qxd8 Rxd8 12. Ne1 Nd6 13. Bf4 Nd7 14. Bxd6
exd6 15. Ncd3 Rb8 16. Rc1 Nb6 17. Rc2 Be6 18. b3 Nd7 19. Nf3 Bd5 20. Nf4 Bc6
21. Rd1 Ne5 22. Nd5 Rd7 23. e4 Re8 24. Rcd2 Rf8 25. Nh4 Re8 26. Bh3 Rdd8 27. f4
Nd7 28. Nc7 Rxe4 29. Bg2 Bc3 30. Bxe4 Bxd2 31. Bxc6 bxc6 32. Rxd2 Nb8 33. Nd5
cxd5 34. Rxd5 Nc6 35. Nf3 Nb4 36. Rd2 d5 37. Nd4 f5 38. a3 Na6 39. Nb5 Rd7 40.
b4 Kf7 41. Kf2 Nb8 42. Ke3 Nc6 43. Rc2 a6 44. Rxc6 axb5 45. Kd4 Ke7 46. Rb6 Rd6
47. Rxb5 Ke6 48. a4 h6 49. a5 g5 50. Rb6 Rxb6 51. axb6 Kd6 52. b7 Kc7 53. Kxd5
Kxb7 54. Ke5 gxf4 55. gxf4 1-0

[Event "16. Sparkassen Open 2017 - Gruppe C"]
[Site "Forchheim"]
[Date "2017.09.29"]
[Round "1.7"]
[White "Rodriguez Leged, Edgar Rafael"]
[Black "Friedel, Thomas"]
[Result "0-1"]
[WhiteElo "1345"]
[BlackElo "1582"]
[PlyCount "112"]
[EventDate "2017.??.??"]
[WhiteTeam "SG Siemens Erlangen"]
[BlackTeam "SV Groß-Gerau"]

1. d4 d5 2. Nc3 Nf6 3. Bf4 Bf5 4. Nf3 e6 5. Nh4 Ne4 6. Nxf5 exf5 7. Nxe4 fxe4
8. e3 Bd6 9. Bxd6 Qxd6 10. Qd2 Nd7 11. Be2 Nf6 12. O-O O-O 13. b3 a6 14. c4
dxc4 15. bxc4 c5 16. d5 Rfd8 17. a4 Qe5 18. Rab1 Rab8 19. Qb2 Qxb2 20. Rxb2 b5
21. axb5 axb5 22. Rfb1 b4 23. Ra1 Ra8 24. Rxa8 Rxa8 25. f3 Ra3 26. Kf2 Kf8 27.
f4 Ke7 28. g4 g6 29. g5 Nd7 30. Bd1 Nb6 31. Bb3 Na4 32. Bxa4 Rxa4 33. Ke2 Ra3
34. Kd2 Rd3+ 35. Ke2 Rc3 36. Ra2 Rxc4 37. Ra7+ Kd6 38. Rxf7 Rc2+ 39. Kd1 Rxh2
40. f5 Kxd5 41. f6 b3 42. Rd7+ Kc4 43. f7 Rf2 44. Kc1 Kc3 45. Kd1 b2 46. Rb7
Rxf7 47. Rxf7 b1=Q+ 48. Ke2 Qd3+ 49. Kf2 Qd2+ 50. Kg3 Qxe3+ 51. Kg2 Qxg5+ 52.
Kh2 Qh4+ 53. Kg2 e3 54. Rc7 Qf2+ 55. Kh3 Qf3+ 56. Kh2 Qf4+ 0-1

[Event "16. Sparkassen Open 2017 - Gruppe C"]
[Site "Forchheim"]
[Date "2017.09.29"]
[Round "1.8"]
[White "Schmucker, Jonas"]
[Black "Adelhardt, Lisa"]
[Result "1-0"]
[WhiteElo "1515"]
[BlackElo "1289"]
[PlyCount "171"]
[EventDate "2017.??.??"]
[WhiteTeam "SC Noris-Tarrasch Nürnberg"]
[BlackTeam "Schachtreff Röttenbach"]

1. b3 e5 2. Bb2 Nc6 3. Nf3 d6 4. e4 Nf6 5. Nc3 Bg4 6. Be2 Qd7 7. h3 Bh5 8. d3
Bg6 9. Nh4 Nd4 10. Nxg6 hxg6 11. Rf1 Be7 12. Qd2 Qe6 13. O-O-O O-O-O 14. Rde1
Nh5 15. Nd5 Nxe2+ 16. Rxe2 Kb8 17. Qc3 Bg5+ 18. Kb1 Qd7 19. d4 exd4 20. Qxd4
Nf6 21. Qd3 Nxd5 22. Qxd5 Bf6 23. e5 dxe5 24. Qxd7 Rxd7 25. Bxe5 Re8 26. Rfe1
Rde7 27. f4 g5 28. Re3 gxf4 29. Bxf4 Bh4 30. g3 Rxe3 31. Bxe3 Bxg3 32. Bxa7+
Kxa7 33. Rxe8 Bd6 34. Rg8 Be5 35. Rd8 g5 36. Kc1 Bf4+ 37. Kd1 f6 38. Re8 Bg3
39. Rf8 Be5 40. Ke2 Kb6 41. Kd3 Kc5 42. Ra8 b6 43. Ra4 f5 44. Rc4+ Kd5 45. Rb4
Kc5 46. Rc4+ Kd5 47. Ra4 Kc5 48. c4 Bg3 49. b4+ Kd6 50. Ra3 Ke5 51. Ke2 Bh4 52.
Rd3 g4 53. hxg4 fxg4 54. Kf1 Ke4 55. Rd7 Kf3 56. Rxc7 g3 57. Rf7+ Kg4 58. Kg2
Bg5 59. Rg7 Kf4 60. Rxg5 Kxg5 61. Kxg3 Kf5 62. Kf3 Ke5 63. Ke3 Kd6 64. Kd4 Kc6
65. a4 b5 66. axb5+ Kb6 67. Kc3 Kc7 68. c5 Kb7 69. Kc4 Kc7 70. Kd5 Kd7 71. c6+
Kc7 72. b6+ Kc8 73. Kd6 Kd8 74. c7+ Kc8 75. b7+ Kxb7 76. Kd7 Kb6 77. c8=Q Kb5
78. Qc6+ Kxb4 79. Kd6 Kb3 80. Kd5 Kb2 81. Qc4 Kb1 82. Qc3 Ka2 83. Qb4 Ka1 84.
Kc4 Ka2 85. Kc3 Ka1 86. Qb2# 1-0

[Event "16. Sparkassen Open 2017 - Gruppe C"]
[Site "Forchheim"]
[Date "2017.09.29"]
[Round "1.9"]
[White "Erdösi, Anna"]
[Black "Pfann, Elias"]
[Result "1-0"]
[WhiteElo "1325"]
[BlackElo "1484"]
[PlyCount "71"]
[EventDate "2017.??.??"]
[WhiteTeam "TV Tegernsee"]
[BlackTeam "SC Höchstadt/Aisch"]

1. e4 e5 2. Nf3 Nf6 3. Nc3 Nc6 4. Bc4 Bc5 5. d3 d6 6. Be3 Bb6 7. O-O Bg4 8. h3
Bh5 9. Re1 Nd4 10. Bxd4 Bxd4 11. Rb1 g5 12. Ne2 Bxf3 13. gxf3 Bb6 14. Ng3 h6
15. c3 Qd7 16. Nf5 O-O-O 17. Qb3 Rdf8 18. a4 Nh5 19. Kh2 Bxf2 20. Red1 Bb6 21.
Ra1 a5 22. d4 f6 23. Be6 Nf4 24. Bxd7+ Kxd7 25. dxe5 fxe5 26. Qb5+ Kd8 27. Nxd6
Rh7 28. Nc4+ Kc8 29. Nxb6+ cxb6 30. Qxb6 Re8 31. Qxa5 Rhh8 32. Qc5+ Kb8 33. a5
Re6 34. Qb5 h5 35. a6 b6 36. Qd7 1-0

[Event "16. Sparkassen Open 2017 - Gruppe C"]
[Site "Forchheim"]
[Date "2017.09.29"]
[Round "1.10"]
[White "Kodalle, Dominik"]
[Black "Levitskii, Philipp"]
[Result "1-0"]
[WhiteElo "1480"]
[BlackElo "1333"]
[PlyCount "53"]
[EventDate "2017.??.??"]
[WhiteTeam "Aschaffenburg-Schweinheim"]
[BlackTeam "SGem Fürth"]

1. c4 e5 2. Nc3 Bb4 3. Qc2 Bxc3 4. Qxc3 Nc6 5. g3 d6 6. Bg2 Bf5 7. Nf3 Nf6 8.
b4 a6 9. b5 Ne4 10. Qb2 axb5 11. cxb5 Na5 12. Nh4 Nc4 13. Qb4 Be6 14. Bxe4 d5
15. Bg2 Rb8 16. d3 c5 17. Qc3 d4 18. Qc2 Qa5+ 19. Bd2 Na3 20. Qxc5 Rc8 21.
Qxc8+ Bxc8 22. Bxa5 Nc2+ 23. Kd2 Nxa1 24. Rxa1 O-O 25. Re1 Be6 26. Bb4 Ra8 27.
a3 1-0

[Event "16. Sparkassen Open 2017 - Gruppe C"]
[Site "Forchheim"]
[Date "2017.09.29"]
[Round "1.11"]
[White "Huber, Dominik"]
[Black "Seuberth, Ludwig"]
[Result "1-0"]
[WhiteElo "1567"]
[BlackElo "1693"]
[PlyCount "63"]
[EventDate "2017.??.??"]
[WhiteTeam "SC Noris-Tarrasch Nürnberg"]
[BlackTeam "SC Forchheim"]

1. d4 b6 2. Bg5 g6 3. Nf3 Bg7 4. c3 d6 5. Nbd2 Bb7 6. e4 h6 7. Bh4 Nd7 8. Bb5
c6 9. Ba4 Qc7 10. O-O b5 11. Bb3 e6 12. Re1 Bf6 13. Bg3 Bg7 14. e5 d5 15. Bc2
Nb6 16. h3 Ne7 17. Nh2 Nd7 18. Ng4 O-O-O 19. a4 Ba6 20. Nb3 Qb6 21. Qf3 Nf5 22.
axb5 Bxb5 23. Ra2 Kb7 24. Na5+ Kc7 25. Rea1 Nb8 26. Nb3 Ba6 27. Nc5 Bb7 28.
Rxa7 Qxb2 29. Rxb7+ Qxb7 30. Nxb7 Kxb7 31. Bxf5 exf5 32. Nf6 1-0

[Event "16. Sparkassen Open 2017 - Gruppe C"]
[Site "Forchheim"]
[Date "2017.09.29"]
[Round "1.12"]
[White "Albayrak, Atilla"]
[Black "Meusel, Johannes"]
[Result "1-0"]
[WhiteElo "1464"]
[BlackElo "1332"]
[PlyCount "97"]
[EventDate "2017.??.??"]
[WhiteTeam "Zabo-Eintracht Nürnberg"]
[BlackTeam "ESV Gera"]

1. d4 Nf6 2. Bf4 e6 3. Nf3 b6 4. e3 Bb7 5. Nbd2 c5 6. c3 cxd4 7. exd4 Nc6 8.
Bd3 Nd5 9. Bg3 Qf6 10. Ne4 Qh6 11. Qd2 Qxd2+ 12. Nfxd2 f5 13. Nd6+ Bxd6 14.
Bxd6 Kf7 15. Nf3 Nf6 16. O-O-O Ne4 17. Bxe4 fxe4 18. Ng5+ Kg6 19. Nxe4 Nb4 20.
Bxb4 Bxe4 21. f3 Bd5 22. a3 a5 23. Bd6 Rac8 24. Kd2 Rc6 25. Be5 Rd8 26. Rde1 a4
27. Bf4 Kf5 28. Bg3 d6 29. Re3 Re8 30. Rhe1 b5 31. h3 h5 32. Bh2 g6 33. g4+ Kg5
34. gxh5 Kxh5 35. Rg1 Rf8 36. f4 Rf6 37. Rg5+ Kh6 38. Reg3 Rb6 39. Ke3 Ba2 40.
h4 Bb1 41. h5 Bf5 42. hxg6 Rxg6 43. d5 Rxg5 44. Rxg5 Kh7 45. dxe6 Bxe6 46. Kd4
Bc4 47. f5 d5 48. Be5 Rb7 49. Rh5+ 1-0

[Event "16. Sparkassen Open 2017 - Gruppe C"]
[Site "Forchheim"]
[Date "2017.09.29"]
[Round "1.13"]
[White "Abhiraaj, Arora"]
[Black "Lorch, Stephan"]
[Result "0-1"]
[WhiteElo "1330"]
[BlackElo "1311"]
[PlyCount "74"]
[EventDate "2017.??.??"]
[WhiteTeam "SC Erlangen"]
[BlackTeam "SF Heidelberg"]

1. e4 c5 2. Nf3 Nc6 3. Bc4 e6 4. Nc3 a6 5. a3 b5 6. Ba2 Qc7 7. d4 cxd4 8. Nxd4
Bd6 9. Nf3 Nge7 10. O-O Bb7 11. Be3 h6 12. Bd4 f6 13. Re1 Nxd4 14. Qxd4 Nc6 15.
Qd3 Ne5 16. Nxe5 Bxe5 17. Qh3 O-O-O 18. Qh5 g5 19. h3 Bd4 20. Qd1 Ba7 21. b4
Qxc3 22. Bb3 h5 23. a4 Qxb4 24. axb5 a5 25. c4 Qc5 26. Rf1 Bb6 27. Qf3 g4 28.
Rad1 gxh3 29. Qxh3 Bxe4 30. Qh4 Rhg8 31. Qxe4 h4 32. Qxh4 Rg5 33. Qf4 Rdg8 34.
Rd3 Rxg2+ 35. Kh1 Qh5+ 36. Rh3 Qxh3+ 37. Qh2 Qxh2# 0-1

[Event "16. Sparkassen Open 2017 - Gruppe C"]
[Site "Forchheim"]
[Date "2017.09.29"]
[Round "1.14"]
[White "Schell, Hubert"]
[Black "Walter, Stefanie"]
[Result "1-0"]
[WhiteElo "1440"]
[BlackElo "1325"]
[PlyCount "45"]
[EventDate "2017.??.??"]
[WhiteTeam "SC-SF Stockstadt"]
[BlackTeam "SV Lauf"]

1. c4 c5 2. Nc3 Nc6 3. g3 g6 4. Bg2 Bg7 5. Nf3 Nf6 6. e4 d6 7. O-O Be6 8. d3
O-O 9. Be3 Qb6 10. Rb1 Rad8 11. Qd2 a5 12. Bh6 Bxh6 13. Qxh6 Qa6 14. Nd5 Ng4
15. Qh4 f6 16. Nc7 g5 17. Qh5 Bf7 18. Qxg4 h5 19. Qf5 Qb6 20. Ne6 g4 21. Nfg5
fxg5 22. Qxg5+ Kh7 23. Qg7# 1-0